000 00353nam a2200133Ia 4500
008 150202s9999 xx 000 0 und d
020 _a843944366
050 _aFIC
_bFIC
100 _aSmith, Bobbi.
245 _aHalf breeds lady /
_cBobbi Smith.
260 _aNew York :
_bLeisure Books,
_c1998.
300 _a390 pages :
_c18 cm.
650 _aFiction.
999 _c282408
_d282408